| 000 | 01292nam a22002897a 4500 | ||
|---|---|---|---|
| 003 | OSt | ||
| 005 | 20250923093357.0 | ||
| 008 | 240301b ||||| |||| 00| 0 eng d | ||
| 040 | _c0 | ||
| 082 | _aDPer 621.317 Ie21 June 2022 v. 37 n. 6 | ||
| 100 |
_aAn, Tong. _eauthor. _953851 |
||
| 245 |
_aThe effect of the surface roughness characteristics of the contact interface on the thermal contact resistance of the PP-IGBT module / _cTong An, Zezheng Li, Yakun Zhang, Fei Qin, Liang Wang, Zhongkang Lin, Xinling Tang, Yanwei Dai, Yanpeng Gong, and Pei Chen. |
||
| 260 |
_aNew York ; _bThe Institute of Electrical and Electronics Engineers, Inc. , _cJune 2022. |
||
| 300 |
_aVolume 37, pages 7286-7298 : _billustration ; _c29 cm. |
||
| 500 | _aIEEE Transactions on Power Electronics, vol. 37, no. 6, pages 7286-7298, June 2022. | ||
| 700 |
_aAn, Tong. _eauthor. _953851 |
||
| 700 |
_aLi, Zezheng. _dauthor. _953852 |
||
| 700 |
_aZhang, Yakun. _eauthor. _953853 |
||
| 700 |
_aQin, Fei. _eauthor. _953854 |
||
| 700 |
_aWang, Liang. _eauthor. _953855 |
||
| 700 |
_aLin, Zhongkang. _eauthor. _953856 |
||
| 700 |
_aTang, Xinling. _eauthor. _953857 |
||
| 700 |
_aDai, Yanwei. _eauthor. _953858 |
||
| 700 |
_aGong, Yanpeng. _eauthor. _953859 |
||
| 700 |
_aChen, Pei. _eauthor. _953860 |
||
| 942 |
_2ddc _cPER |
||
| 999 |
_c19494 _d19494 |
||